Quizzes
Events
Quiz Creation
Community
Videos
Private Events
Remove Ads
Sign In
Join for FREE
Feedback
Dark Mode
Quiz Categories
Sports
Geography
Music
Movies
Television
Just For Fun
Miscellaneous
History
Literature
Language
Science
Gaming
Entertainment
Religion
Holiday
For Kids
Quiz Lab
Recent
Popular Today
Quiz Kudos Today
Editor Picks
Curator Picks
Quizzes by...
Day
Popularity
Type
Ratings
Length
Year
Community
Subscriptions
Recent Discussions
Orange Saloon
Badges
Playlists
Quests
Create
Leaderboards
Showdown
Live 5
Trivia Bingo
Activity
Puzzle Library
Sporcle Events
Private Events
Virtual Trivia
Globe League
Become a Host
Pub Owners
SporcleCon
Opinionation
Our Games
Videos
Blog
Mobile Apps
Partnerships
Remove Ads and Go Orange
Feedback
Just For Fun
Clickable
Get the Picture
Humor
Quick Pick
Word Ladder
Missing Word
Mixed Word
Blitz
Minefield
This or That
Alphabet
Color
Typing
Sporcle
Puzzle
Word Play
Follow That Line
Logic
Just For Fun
Clickable
Get the Picture
Humor
Quick Pick
Word Ladder
Missing Word
Mixed Word
Blitz
Minefield
This or That
Alphabet
Color
Typing
Sporcle
Puzzle
Word Play
Follow That Line
Logic
Random Quiz
Search Sporcle
×
Quiz Lab
Quiz Lab
Just For Fun
Roman Numerals
Type in answers that appear in a list
Type in answers that appear in a list
Classic
Best Score? Go Orange.
Roman Numerals (1-300) Stats
Can you list the Roman Numerals from 1-300
By
MarioMaster1337
15m
300 Questions
228 Plays
228 Plays
228 Plays
Comments
Comments
Give Quiz Kudos
Give Quiz Kudos
-
- Ratings
hide this ad
Forced Order
Answers have to be entered in order
Answers have to be entered in order
Random Order
Randomize order of answers
Randomize order of answers
Replay
Link that replays current quiz
Next Quiz
Link to next quiz in quiz playlist
You Got
0%
They Got
Avg Score
78%
Avg Friend Score
Upgrade to see
Score Distribution
Jump to the score distribution portion of the page
Score
0/300
Timer
15:00
0
Plays Today
Number
Roman Numeral
% Correct
7
VII
88.2%
2
II
87.3%
4
IV
87.3%
11
XI
87.3%
1
I
86.4%
5
V
86.4%
9
IX
86.4%
22
XXII
86%
24
XXIV
85.5%
35
XXXV
85.5%
39
XXXIX
85.5%
8
VIII
85.1%
10
X
85.1%
12
XII
85.1%
14
XIV
85.1%
28
XXVIII
85.1%
54
LIV
85.1%
3
III
84.6%
31
XXXI
84.6%
33
XXXIII
84.6%
34
XXXIV
84.6%
21
XXI
84.2%
29
XXIX
84.2%
38
XXXVIII
84.2%
13
XIII
83.8%
15
XV
83.8%
17
XVII
83.8%
20
XX
83.8%
23
XXIII
83.8%
26
XXVI
83.8%
30
XXX
83.8%
36
XXXVI
83.8%
41
XLI
83.8%
46
XLVI
83.8%
47
XLVII
83.8%
50
L
83.8%
103
CIII
83.8%
104
CIV
83.8%
6
VI
83.3%
16
XVI
83.3%
18
XVIII
83.3%
25
XXV
83.3%
37
XXXVII
83.3%
40
XL
83.3%
42
XLII
83.3%
44
XLIV
83.3%
48
XLVIII
83.3%
56
LVI
83.3%
70
LXX
83.3%
76
LXXVI
83.3%
92
XCII
83.3%
19
XIX
82.9%
45
XLV
82.9%
60
LX
82.9%
86
LXXXVI
82.9%
87
LXXXVII
82.9%
57
LVII
82.5%
61
LXI
82.5%
67
LXVII
82.5%
110
CX
82.5%
121
CXXI
82.5%
174
CLXXIV
82.5%
32
XXXII
82%
43
XLIII
82%
49
XLIX
82%
52
LII
82%
55
LV
82%
63
LXIII
82%
71
LXXI
82%
75
LXXV
82%
88
LXXXVIII
82%
200
CC
82%
27
XXVII
81.6%
58
LVIII
81.6%
66
LXVI
81.6%
69
LXIX
81.6%
93
XCIII
81.6%
97
XCVII
81.6%
98
XCVIII
81.6%
173
CLXXIII
81.6%
62
LXII
81.1%
77
LXXVII
81.1%
78
LXXVIII
81.1%
80
LXXX
81.1%
85
LXXXV
81.1%
90
XC
81.1%
91
XCI
81.1%
101
CI
81.1%
102
CII
81.1%
105
CV
81.1%
122
CXXII
81.1%
129
CXXIX
81.1%
132
CXXXII
81.1%
135
CXXXV
81.1%
51
LI
80.7%
53
LIII
80.7%
64
LXIV
80.7%
68
LXVIII
80.7%
74
LXXIV
80.7%
82
LXXXII
80.7%
Number
Roman Numeral
% Correct
96
XCVI
80.7%
100
C
80.7%
106
CVI
80.7%
108
CVIII
80.7%
109
CIX
80.7%
115
CXV
80.7%
130
CXXX
80.7%
131
CXXXI
80.7%
138
CXXXVIII
80.7%
176
CLXXVI
80.7%
206
CCVI
80.7%
209
CCIX
80.7%
216
CCXVI
80.7%
73
LXXIII
80.3%
83
LXXXIII
80.3%
89
LXXXIX
80.3%
95
XCV
80.3%
107
CVII
80.3%
111
CXI
80.3%
134
CXXXIV
80.3%
140
CXL
80.3%
145
CXLV
80.3%
151
CLI
80.3%
157
CLVII
80.3%
178
CLXXVIII
80.3%
205
CCV
80.3%
59
LIX
79.8%
79
LXXIX
79.8%
112
CXII
79.8%
118
CXVIII
79.8%
119
CXIX
79.8%
120
CXX
79.8%
133
CXXXIII
79.8%
142
CXLII
79.8%
146
CXLVI
79.8%
153
CLIII
79.8%
159
CLIX
79.8%
180
CLXXX
79.8%
192
CXCII
79.8%
65
LXV
79.4%
94
XCIV
79.4%
99
XCIX
79.4%
114
CXIV
79.4%
117
CXVII
79.4%
123
CXXIII
79.4%
141
CXLI
79.4%
150
CL
79.4%
156
CLVI
79.4%
165
CLXV
79.4%
177
CLXXVII
79.4%
179
CLXXIX
79.4%
195
CXCV
79.4%
201
CCI
79.4%
202
CCII
79.4%
207
CCVII
79.4%
214
CCXIV
79.4%
215
CCXV
79.4%
127
CXXVII
78.9%
128
CXXVIII
78.9%
139
CXXXIX
78.9%
154
CLIV
78.9%
155
CLV
78.9%
169
CLXIX
78.9%
175
CLXXV
78.9%
196
CXCVI
78.9%
204
CCIV
78.9%
72
LXXII
78.5%
113
CXIII
78.5%
124
CXXIV
78.5%
126
CXXVI
78.5%
136
CXXXVI
78.5%
137
CXXXVII
78.5%
143
CXLIII
78.5%
147
CXLVII
78.5%
158
CLVIII
78.5%
160
CLX
78.5%
163
CLXIII
78.5%
164
CLXIV
78.5%
170
CLXX
78.5%
183
CLXXXIII
78.5%
184
CLXXXIV
78.5%
189
CLXXXIX
78.5%
191
CXCI
78.5%
203
CCIII
78.5%
219
CCXIX
78.5%
235
CCXXXV
78.5%
81
LXXXI
78.1%
84
LXXXIV
78.1%
116
CXVI
78.1%
149
CXLIX
78.1%
162
CLXII
78.1%
171
CLXXI
78.1%
181
CLXXXI
78.1%
182
CLXXXII
78.1%
187
CLXXXVII
78.1%
188
CLXXXVIII
78.1%
193
CXCIII
78.1%
208
CCVIII
78.1%
218
CCXVIII
78.1%
223
CCXXIII
78.1%
Number
Roman Numeral
% Correct
125
CXXV
77.6%
144
CXLIV
77.6%
148
CXLVIII
77.6%
161
CLXI
77.6%
166
CLXVI
77.6%
167
CLXVII
77.6%
185
CLXXXV
77.6%
190
CXC
77.6%
198
CXCVIII
77.6%
210
CCX
77.6%
221
CCXXI
77.6%
226
CCXXVI
77.6%
242
CCXLII
77.6%
152
CLII
77.2%
168
CLXVIII
77.2%
186
CLXXXVI
77.2%
197
CXCVII
77.2%
212
CCXII
77.2%
220
CCXX
77.2%
222
CCXXII
77.2%
233
CCXXXIII
77.2%
172
CLXXII
76.8%
194
CXCIV
76.8%
199
CXCIX
76.8%
217
CCXVII
76.8%
231
CCXXXI
76.8%
234
CCXXXIV
76.8%
236
CCXXXVI
76.8%
211
CCXI
76.3%
228
CCXXVIII
76.3%
238
CCXXXVIII
76.3%
213
CCXIII
75.9%
230
CCXXX
75.9%
239
CCXXXIX
75.9%
240
CCXL
75.9%
241
CCXLI
75.9%
245
CCXLV
75.9%
246
CCXLVI
75.9%
248
CCXLVIII
75.9%
250
CCL
75.9%
225
CCXXV
75.4%
237
CCXXXVII
75.4%
243
CCXLIII
75.4%
244
CCXLIV
75.4%
224
CCXXIV
75%
249
CCXLIX
75%
229
CCXXIX
74.6%
252
CCLII
74.6%
251
CCLI
74.1%
253
CCLIII
74.1%
257
CCLVII
74.1%
259
CCLIX
73.7%
227
CCXXVII
73.2%
258
CCLVIII
73.2%
232
CCXXXII
72.8%
247
CCXLVII
72.8%
255
CCLV
72.8%
254
CCLIV
72.4%
256
CCLVI
72.4%
261
CCLXI
72.4%
263
CCLXIII
72.4%
264
CCLXIV
72.4%
266
CCLXVI
72.4%
274
CCLXXIV
71.9%
300
CCC
71.9%
270
CCLXX
71.5%
273
CCLXXIII
71.5%
289
CCLXXXIX
71.5%
260
CCLX
71.1%
262
CCLXII
71.1%
276
CCLXXVI
71.1%
267
CCLXVII
70.6%
281
CCLXXXI
70.6%
293
CCXCIII
70.6%
298
CCXCVIII
70.6%
265
CCLXV
70.2%
275
CCLXXV
70.2%
284
CCLXXXIV
70.2%
285
CCLXXXV
70.2%
271
CCLXXI
69.7%
277
CCLXXVII
69.7%
279
CCLXXIX
69.7%
280
CCLXXX
69.7%
282
CCLXXXII
69.7%
287
CCLXXXVII
69.7%
288
CCLXXXVIII
69.7%
299
CCXCIX
69.3%
269
CCLXIX
68.9%
268
CCLXVIII
68.9%
297
CCXCVII
68.9%
272
CCLXXII
68.4%
283
CCLXXXIII
68.4%
286
CCLXXXVI
68.4%
290
CCXC
68.4%
291
CCXCI
68.4%
295
CCXCV
68.4%
278
CCLXXVIII
67.5%
292
CCXCII
67.5%
294
CCXCIV
67.5%
296
CCXCVI
66.7%
Quiz Playlist
Details
Report
Send in Message
Add To Playlist
Classic:
Type in answers that appear in a list
Forced Order:
Answers have to be entered in order
Random Order:
Randomize order of answers
Last Updated: Feb 16, 2017
Quiz Scoreboard
CHALLENGE
Sign Up to Join the Scoreboard
Show All
Scores
Hide
Comments
May contain spoilers
Recently Published
Alphabetical 'K' Countries by Flag Minefield
by ylime102
Geography
3m
Pick 6: Fruits
by JohnFran
Miscellaneous
15s
Click the 1999 NBA Draft
by nibperrychub
Sports
2m
More to Explore
Quiz From the Vault
Featured Blog Post
15 Basketball Trivia Facts You Can Be March Mad About
hide this ad
You Might Also Like...
Tags
Numeral
Roman
Roman Numerals
Today's Top Quizzes in Just For Fun
Browse Just For Fun
hide this ad
Today's Top Quizzes in Roman Numerals
Browse Roman Numerals
Top Contributed Quizzes in Just For Fun
1
Seasons
2
Pick 6: Letters
3
Pick 6: Foods
4
Pick 6: Colors
5
Quick Pick: Spring Things
6
Just Another 1-25 Logic Puzzle
7
Four Seasons
8
Big Bang Theory Logic Puzzle
9
LogiCrossword: Seasons of Year
10
Spring Blitz
Explore More
Trending Topics
Kpop
Marvel
Disney
Anime
Harry Potter
NBA
Crossword
Song
WWE
Soccer
The Office
Puzzle
Pokémon
NFL
Country
hide this ad
More By:
MarioMaster1337
Quiz
Plays
Rating
Category
Featured
Created
Ash Ketchum's Pokémon
284
5.00
Television
Sep 11, 2013
Roman Numerals (1-300)
228
4.50
Just For Fun
Sep 19, 2013
Pablo Picasso's Name
175
4.00
Just For Fun
Nov 19, 2013
FMA Amestrian Transmutation Circle Cities
150
Entertainment
Jun 14, 2016
Tales of Vesperia Characters
130
5.00
Gaming
Sep 23, 2013
Go to Creator's Profile
Score Distribution
Quiz Creator Spotlight
MarioMaster1337
Follow
Send a Message
Quizzes Created
-
Created Quiz Play Count
-
More By This Creator
Popular Quizzes Today
1
Find the US States - No Outlines Minefield
2
Countries of Asia Without Outlines Minefield
3
Pick 6: Fruits
4
Alphabetical 'K' Countries by Flag Minefield
5
The Countries of the World
6
Find the US States
7
Match the Book to the Film X
8
Click the 1999 NBA Draft
More Just For Fun Quizzes
Word Ladder: Baker's Dozen
Editor's Pick
Trending Quizzes
Pick 6: Mountains
Pick 6: Harry Potter
Pick 6: NFL Teams
Pick 6: Movie Franchises
Pick 6: Golfers
Recently Updated
NWSL Teams
pecheneg
Women's Final Four Teams by Year
bhenderson79
Presidents Quartet II
eogle
Anything But Clue(do)
eogle
Anything But Oceanian Capitals
eogle
Anything But 7
eogle
Anything But Thing
eogle
Word Ladder: February 29
pecheneg
Song Title Questions
pecheneg
Women's NCAA Tournament #1 Seeds
pecheneg
Trending Topics
Marvel
NBA
Anime
Harry Potter
Kpop
Disney
Crossword
Country
Puzzle
NFL
The Office
Pokémon
Song
Soccer
WWE
Your Account Isn't Verified!
In order to create a playlist on Sporcle, you need to verify the email address you used during registration. Go to your
Sporcle Settings
to finish the process.
Report this User
Report this user for behavior that violates our
Community Guidelines
.
Details:
Send Report
Go to the Sporcle.com Mobile Site →
Comments